Pokémon de Type Dragon - Statistiques

Statistiques générales
  • Ce quiz a été pris 2 343 fois
    1 945 depuis la dernière actualisation
  • Le résultat moyen est 26 sur 39
Statistiques - réponses
Pokémon % Correct
Draco
98%
Dracolosse
98%
Minidraco
97%
Drattak
86%
Carchacrok
82%
Draby
82%
Dialga
80%
Palkia
80%
Carmache
79%
Griknot
79%
Reshiram
79%
Zekrom
79%
Giratina
77%
Rayquaza
76%
Kyurem
73%
Tranchodon
73%
Coupenotte
71%
Drackhaus
71%
Diamat
70%
Solochi
70%
Trioxhydre
70%
Drakkarmin
66%
Incisache
65%
Libégon
64%
Muplodocus
62%
Altaria
61%
Hyporoi
61%
Mucuscule
60%
Latias
58%
Latios
58%
Colimucus
56%
Arceus
55%
Vibraninf
55%
Zygarde
53%
Bruyverne
48%
Sonistrelle
45%
Rexillius
37%
Kravarech
36%
Ptyranidur
35%
Aucun quiz correspondant
Distribution des résultats
% des personnes avec chaque résultat
Percentile par nombre de réponses
Votre historique - résultats
Vous n’avez pas pris ce quiz depuis la dernière actualisation